All Tate McRae Songs - Statistics

General Stats
  • This quiz has been taken 2,236 times
    1,067 since last reset
  • The average score is 32 of 56
Answer Stats
Album Song % Correct
THINK LATER greedy
91%
Single You
87%
THINK LATER exes
86%
THINK LATER think later
83%
TOO YOUNG TO BE SAD you broke me first
83%
THINK LATER plastic palm trees
79%
THINK LATER run for the hills
79%
THINK LATER cut my hair
77%
i used to think i could fly she's all i wanna be
77%
THINK LATER calgary
73%
THINK LATER grave
72%
THINK LATER messier
71%
THINK LATER we're not alike
70%
all the things i never said that way
68%
Single that way
68%
TOO YOUNG TO BE SAD rubberband
67%
i used to think i could fly chaotic
66%
i used to think i could fly feel like sh*t
66%
THINK LATER guilty conscience
66%
THINK LATER hurt my feelings
66%
THINK LATER stay done
65%
i used to think i could fly boy x
63%
Single One Day
63%
THINK LATER want that too
63%
all the things i never said stupid
61%
i used to think i could fly what would you do?
61%
Single uh oh
60%
i used to think i could fly don't come back
59%
i used to think i could fly what's your problem?
57%
all the things i never said all my friends are fake
56%
TOO YOUNG TO BE SAD wish i loved you in the 90s
56%
TOO YOUNG TO BE SAD bad ones
55%
i used to think i could fly go away
53%
i used to think i could fly i still say goodnight
53%
TOO YOUNG TO BE SAD slower
53%
Single Teenage Mind
53%
i used to think i could fly i'm so gone
51%
TOO YOUNG TO BE SAD r u ok
51%
i used to think i could fly you're so cool
51%
i used to think i could fly hate myself
50%
Single working
47%
all the things i never said happy face
46%
Single Lie to Me
45%
all the things i never said tear myself apart
44%
Single Vicious
44%
Single Slip
43%
Single Drown
41%
Single Don't Be Sad
40%
Single Shoulder to Shoulder
40%
Single Distant
35%
Single Hung Up On You
35%
Single Kids Are Alright
34%
Single Hard to Find
32%
Single Can't Get It Out
31%
Single u love u
28%
i used to think i could fly ?
27%
No matching quizzes found
Score Distribution
Percent of People with Each Score
Percentile by Number Answered
Your Score History
You have not taken this quiz since the last reset